[Event "SRB-chT Premier"]
[Site "Ruma"]
[Date "2020.10.03"]
[Round "11.6"]
[White "Laketic, Gojko"]
[Black "Cecaric, Milan"]
[Result "1-0"]
[WhiteElo "2336"]
[BlackElo "2029"]
[PlyCount "47"]
[EventDate "2020.09.25"]
[EventType "team-tourn"]
[EventRounds "11"]
[EventCountry "SRB"]
[SourceTitle "CBM 198 Extra"]
[Source "ChessBase"]
[SourceDate "2020.11.30"]
[SourceVersion "1"]
[SourceVersionDate "2020.11.30"]
[SourceQuality "1"]
[WhiteTeam "Ruma Sloven"]
[BlackTeam "Nova Pazova Mladost"]
[WhiteTeamCountry "SRB"]
[BlackTeamCountry "SRB"]

1. d4 b6 2. c4 Bb7 3. Nc3 e6 4. a3 Nf6 5. Nf3 d5 6. cxd5 Nxd5 7. Qc2 Be7 8. e4 Nxc3 9. bxc3 0-0 10. Bd3 c5 11. 0-0 Nc6 12. d5 exd5 13. exd5 Qxd5 14. Bxh7+ Kh8 15. Rd1 Qh5 16. Be4 Rad8 17. Bf4 Bf6 18. Bc7 Rc8 19. Rd5 Qh6 20. Bf4 Qxf4 21. Rh5+ Qh6 22. Rxh6+ gxh6 23. Qd2 Kg7 24. Qd7 1-0

[Event "SRB-chT Premier"]
[Site "Ruma"]
[Date "2020.09.25"]
[Round "1.1"]
[White "Drazic, Sinisa"]
[Black "Cecaric, Milan"]
[Result "1-0"]
[WhiteElo "2352"]
[BlackElo "2029"]
[PlyCount "97"]
[EventDate "2020.09.25"]
[EventType "team-tourn"]
[EventRounds "11"]
[EventCountry "SRB"]
[SourceTitle "CBM 198 Extra"]
[Source "ChessBase"]
[SourceDate "2020.11.30"]
[SourceVersion "1"]
[SourceVersionDate "2020.11.30"]
[SourceQuality "1"]
[WhiteTeam "Kac Jugovic"]
[BlackTeam "Nova Pazova Mladost"]
[WhiteTeamCountry "SRB"]
[BlackTeamCountry "SRB"]

1. d4 b6 2. e4 Bb7 3. Nc3 Nf6 4. f3 e6 5. Be3 Bb4 6. Qd2 d5 7. e5 Nfd7 8. f4 c5 9. Nf3 Nc6 10. a3 Bxc3 11. Qxc3 cxd4 12. Nxd4 Nxd4 13. Bxd4 Rc8 14. Qg3 0-0 15. Bd3 Nc5 16. 0-0 Nxd3 17. Qxd3 g6 18. c3 Rc4 19. Rf2 Qh4 20. Re1 Ba6 21. Re3 Rfc8 22. Qd1 R8c7 23. b3 R4c6 24. a4 b5 25. axb5 Bxb5 26. Rg3 Ra6 27. Rg5 h6 28. Rg3 Kh7 29. Qb1 Qh5 30. h3 Qf5 31. Qd1 Ra3 32. Kh2 Rc6 33. Re3 Qh5 34. Qxh5 gxh5 35. b4 Rc8 36. f5 Bd7 37. Ree2 a6 38. Ra2 Rxa2 39. Rxa2 Rc6 40. b5 axb5 41. Ra7 Bc8 42. Rxf7+ Kg8 43. Rf6 Bd7 44. Rxh6 exf5 45. Rxh5 Rc4 46. Rh6 Kf7 47. Rb6 Ra4 48. Rf6+ Ke8 49. e6 1-0

[Event "Gligoric Cup 4th"]
[Site "Novi Banovci"]
[Date "2017.05.27"]
[Round "4.8"]
[White "Cecaric, Milan"]
[Black "Manojlovic, Sava"]
[Result "1-0"]
[WhiteElo "1995"]
[BlackElo "2061"]
[PlyCount "93"]
[EventDate "2017.05.25"]
[EventType "team-swiss"]
[EventRounds "5"]
[EventCountry "SRB"]
[SourceTitle "CBM 178 Extra"]
[Source "ChessBase"]
[SourceDate "2017.06.22"]
[SourceVersion "1"]
[SourceVersionDate "2017.06.22"]
[SourceQuality "1"]
[WhiteTeam "Nova Pazova Mladost"]
[BlackTeam "Srbobran"]
[WhiteTeamCountry "SRB"]
[BlackTeamCountry "SRB"]

1. e4 c5 2. Nc3 d6 3. Nf3 Nf6 4. Bc4 e6 5. d3 a6 6. Bg5 Be7 7. 0-0 Nc6 8. a3 b5 9. Bb3 Bb7 10. Ne2 Qc7 11. c3 Na5 12. Bc2 0-0 13. b4 Nc6 14. Rc1 Ne5 15. Ng3 h6 16. Bf4 Ng6 17. Be3 d5 18. exd5 Nxd5 19. Bd2 cxb4 20. cxb4 Ne5 21. d4 Nxf3+ 22. Qxf3 Qb6 23. Qd3 f5 24. Nh5 Bd6 25. Bb3 Rad8 26. Rfe1 Bb8 27. Qh3 Rf7 28. Qh4 Re8 29. Bxh6 gxh6 30. Bxd5 Bxd5 31. Nf6+ Rxf6 32. Qxf6 Qd8 33. Qg6+ Kf8 34. Qxh6+ Ke7 35. Qg7+ Kd6 36. Rc5 Ba8 37. d5 Bxd5 38. Qe5+ Kd7 39. Rxd5+ exd5 40. Qxf5+ Kd6 41. Qg6+ Kd7 42. Qf7+ Re7 43. Qxd5+ Ke8 44. Qg8+ Kd7 45. Rd1+ Bd6 46. Rxd6+ Kxd6 47. Qxd8+ 1-0

[Event "Vojvodina-chT"]
[Site "Kac"]
[Date "2014.11.11"]
[Round "5.2"]
[White "Cecaric, Milan"]
[Black "Pavlik, Goran"]
[Result "0-1"]
[WhiteElo "2019"]
[BlackElo "2195"]
[PlyCount "126"]
[EventDate "2014.11.08"]
[EventType "team-tourn"]
[EventRounds "11"]
[EventCountry "SRB"]
[SourceTitle "EXT 2017"]
[Source "ChessBase"]
[SourceDate "2016.10.25"]
[SourceVersion "1"]
[SourceVersionDate "2016.10.25"]
[SourceQuality "1"]

1. e4 d5 2. exd5 Nf6 3. Nf3 Nxd5 4. Bc4 Bg4 5. h3 Bh5 6. g4 Bg6 7. Ne5 e6 8. Qf3 Be7 9. Nc3 c6 10. Nxg6 hxg6 11. d3 Nd7 12. Bb3 Nc5 13. Be3 Nxb3 14. axb3 Nxc3 15. bxc3 Bf6 16. 0-0 Bxc3 17. Rxa7 Rxa7 18. Bxa7 Qa5 19. d4 0-0 20. Bc5 Rd8 21. Qe3 Bd2 22. Qe4 b6 23. Be7 Rd7 24. Bh4 Qc3 25. Rd1 Rxd4 26. Qe2 b5 27. Kg2 Rd5 28. Qe4 g5 29. Bg3 Rd4 30. Qf3 Qxc2 31. Ra1 Qe4 32. Ra8+ Kh7 33. Qxe4+ Rxe4 34. Rc8 Rb4 35. Rxc6 Rxb3 36. Rc7 Kg6 37. h4 gxh4 38. Bxh4 Rb4 39. Kf3 Rf4+ 40. Kg3 Rc4 41. Rb7 b4 42. Be7 Rc3+ 43. f3 Rc1 44. Kf2 Rb1 45. Ke2 Bc3 46. f4 Rb2+ 47. Kf3 b3 48. Ke4 f5+ 49. gxf5+ exf5+ 50. Kd3 Bf6 51. Rb6 Kh5 52. Bxf6 gxf6 53. Rxf6 Kg4 54. Ke3 Rg2 55. Rg6+ Kh3 56. Rh6+ Kg3 57. Rg6+ Kh2 58. Rh6+ Kg1 59. Rb6 b2 60. Kd4 Re2 61. Kd3 Kf2 62. Kc3 Kf3 63. Rb4 Ke3 0-1

[Event "Vojvodina-chT"]
[Site "Kac"]
[Date "2014.11.08"]
[Round "1"]
[White "Cecaric, Milan"]
[Black "Matic, Novica"]
[Result "1/2-1/2"]
[WhiteElo "2019"]
[BlackElo "2025"]
[PlyCount "44"]
[EventDate "2014.11.08"]
[EventType "team-tourn"]
[EventRounds "11"]
[EventCountry "SRB"]
[SourceTitle "EXT 2016"]
[Source "ChessBase"]
[SourceDate "2015.10.08"]
[SourceVersion "1"]
[SourceVersionDate "2015.10.08"]
[SourceQuality "1"]

1. e4 c5 2. Nf3 d6 3. Bc4 Nf6 4. d3 Nc6 5. Nc3 a6 6. a3 Bg4 7. h3 Bxf3 8. Qxf3 Ne5 9. Qe2 Nxc4 10. dxc4 g6 11. 0-0 Bg7 12. Nd5 e6 13. Nxf6+ Qxf6 14. Qd3 Qd4 15. Rd1 Qxd3 16. Rxd3 0-0-0 17. c3 h6 18. Bf4 Be5 19. Bxe5 dxe5 20. Rad1 Rxd3 21. Rxd3 Kc7 22. Kf1 b6 1/2-1/2

[Event "Vojvodina-chT 2nd League"]
[Site "Stari Banovci"]
[Date "2013.11.10"]
[Round "10"]
[White "Cecaric, Milan"]
[Black "Ivanovic, Miroslav"]
[Result "0-1"]
[WhiteElo "1979"]
[BlackElo "2069"]
[PlyCount "90"]
[EventDate "2013.11.03"]
[EventType "team-tourn"]
[EventRounds "11"]
[EventCountry "SRB"]
[SourceTitle "EXT 2015"]
[Source "ChessBase"]
[SourceDate "2014.11.20"]
[SourceVersion "1"]
[SourceVersionDate "2014.11.20"]
[SourceQuality "1"]

1. e4 c5 2. Nc3 d6 3. Nf3 Nf6 4. b3 a6 5. a4 e6 6. Bb2 Be7 7. e5 dxe5 8. Nxe5 Qc7 9. Nc4 Bd7 10. Bd3 Nc6 11. Ne4 Nb4 12. Qe2 Nxe4 13. Bxe4 Bf6 14. Bxf6 gxf6 15. Qf3 f5 16. Bxb7 Nxc2+ 17. Kd1 Nxa1 18. Qc3 0-0 19. Bxa8 Nxb3 20. Ne5 Rc8 21. Qg3+ Kf8 22. Qf4 Nd4 23. Qh6+ Ke8 24. Qg7 Bxa4+ 25. Ke1 Rxa8 26. f4 Qe7 27. Kf2 Nc6 28. Nf3 f6 29. Qg8+ Qf8 30. Qxe6+ Ne7 31. Re1 Bd7 32. Qc4 Rc8 33. Qxa6 Kf7 34. Qd6 Qd8 35. Qa6 Rc6 36. Qc4+ Be6 37. Qe2 Ng6 38. Ra1 Bd5 39. Nh4 Be4 40. Ra7+ Rc7 41. Qc4+ Kg7 42. Rxc7+ Qxc7 43. Nxg6 hxg6 44. g3 Qd6 45. Ke1 Bd3 0-1

[Event "Vojvodina-chT 2nd League"]
[Site "Stari Banovci"]
[Date "2013.11.09"]
[Round "8"]
[White "Cecaric, Milan"]
[Black "Jacimovic, Zoran"]
[Result "0-1"]
[WhiteElo "1979"]
[BlackElo "2169"]
[PlyCount "64"]
[EventDate "2013.11.03"]
[EventType "team-tourn"]
[EventRounds "11"]
[EventCountry "SRB"]
[SourceTitle "EXT 2015"]
[Source "ChessBase"]
[SourceDate "2014.11.20"]
[SourceVersion "1"]
[SourceVersionDate "2014.11.20"]
[SourceQuality "1"]

1. e4 c6 2. g3 d5 3. exd5 cxd5 4. d4 Nc6 5. Bg2 Nf6 6. Nf3 Bg4 7. 0-0 e6 8. Qd3 Qb6 9. c3 Bd6 10. Nh4 Bh5 11. Nd2 g5 12. Nhf3 h6 13. b3 Bg6 14. Qe2 Ne4 15. Bb2 0-0 16. Nxe4 Bxe4 17. c4 Qa6 18. Nxg5 hxg5 19. Bxe4 dxe4 20. Qxe4 Qa5 21. c5 Be7 22. Rfd1 Rad8 23. Qg4 Rd5 24. h4 Kh7 25. Kg2 gxh4 26. Rd3 Rg8 27. Qe4+ Rg6 28. Rh1 Qxa2 29. Bc1 Kg7 30. g4 f5 31. Qe1 Rxg4+ 32. Kf1 Kf7 0-1

[Event "Vojvodina-chT 2nd League"]
[Site "Stari Banovci"]
[Date "2013.11.06"]
[Round "4"]
[White "Cecaric, Milan"]
[Black "Sevo, Dusan"]
[Result "0-1"]
[WhiteElo "1979"]
[BlackElo "2238"]
[PlyCount "75"]
[EventDate "2013.11.03"]
[EventType "team-tourn"]
[EventRounds "11"]
[EventCountry "SRB"]
[SourceTitle "EXT 2015"]
[Source "ChessBase"]
[SourceDate "2014.11.20"]
[SourceVersion "1"]
[SourceVersionDate "2014.11.20"]
[SourceQuality "1"]

1. e4 g6 2. Nf3 Bg7 3. Nc3 d6 4. Bc4 Nf6 5. 0-0 0-0 6. d4 Bg4 7. h3 Bxf3 8. Qxf3 Nc6 9. Rd1 Nd7 10. Be3 e5 11. d5 Ne7 12. Bg5 f6 13. Bh4 a6 14. b4 Kh8 15. Qe2 f5 16. f3 f4 17. a4 Bf6 18. Bf2 Ng8 19. Kf1 Bh4 20. Bg1 Ngf6 21. Qd3 h5 22. a5 g5 23. Ke2 g4 24. hxg4 hxg4 25. Bf2 Bxf2 26. Rh1+ Kg7 27. Kxf2 Rh8 28. Qd1 Nh5 29. Ne2 Qg5 30. Qg1 Ng3 31. Rxh8 Rxh8 32. Qe1 Rh4 33. fxg4 Nxe4+ 34. Kf1 Rh1+ 35. Ng1 Ng3+ 36. Kf2 Nf6 37. Nh3 Nge4+ 38. Kf3 0-1

[Event "Vojvodina Cup"]
[Site "Banja Junakovic"]
[Date "2007.04.29"]
[Round "3.7"]
[White "Bokan, Danko"]
[Black "Cecaric, Milan"]
[Result "1-0"]
[WhiteElo "2316"]
[BlackElo "1909"]
[PlyCount "43"]
[EventDate "2007.04.28"]
[EventType "team"]
[EventRounds "5"]
[EventCountry "YUG"]
[SourceTitle "EXT 2008"]
[Source "ChessBase"]
[SourceDate "2007.11.25"]
[SourceVersion "1"]
[SourceVersionDate "2007.11.25"]
[SourceQuality "1"]

1. e4 b6 2. d4 Bb7 3. Nc3 e6 4. Bd3 Nf6 5. Nge2 Nc6 6. e5 Nd5 7. Nxd5 exd5 8. c3 d6 9. f4 Qh4+ 10. Ng3 dxe5 11. fxe5 0-0-0 12. 0-0 Qe7 13. Qf3 f6 14. exf6 gxf6 15. Qxf6 Qxf6 16. Rxf6 Be7 17. Rf7 h6 18. Bf4 Rdf8 19. Rxf8+ Bxf8 20. Re1 Ne7 21. Be5 Rg8 22. Bh7 1-0